Statistics for Elements named after mythological figures

Click here to take the quiz!

General Stats

  • This quiz has been taken 246 times
  • The average score is 4 of 9

Answer Stats

HintAnswer% Correct
Norse god of thunderThorium
87%
Stole fire from the gods in Greek mythologyPromethium
65%
Class of deities who preceded the Olympians in Greek mythologyTitanium
64%
Father of Niobe, punished by the gods for his crimes in Greek mythologyTantalum
49%
Daughter of Tantalos in Greek mythologyNiobium
45%
Other name for Freyja/ goddess of beauty and love in Norse mythologyVanadium
20%
Gremlin/Goblin/Sprite in German folkloreCobalt
18%
Mythical island at the northern edge of the worldThulium
12%
Mother earth in roman mytholigyTellurium
11%

Score Distribution

Percentile by Number Answered

Percent of People with Each Score

Your Score History

You have not taken this quiz